Largest cities of the Saint-Lawrence river basin on a map - Statistics

General Stats
  • This quiz has been taken 65 times
  • The average score is 16 of 20
Answers on the Map
Answers color-coded by a green-red scale on the quiz's map according to % correct below.
 
Answer Stats
Population (2020) City % Correct
8,671,746 Chicago
100%
3,675,219 Montréal
100%
5,647,656 Toronto
100%
3,776,890 Detroit
98%
948,864 Buffalo
97%
1,068,821 Ottawa
95%
1,306,795 Milwaukee
93%
1,712,718 Cleveland
91%
733,156 Québec
91%
318,300 Lansing
88%
497,952 Toledo
79%
729,560 Hamilton
76%
704,327 Rochester
76%
605,666 Grand Rapids
74%
423,369 London
74%
413,660 Syracuse
71%
541,879 Akron
67%
335,934 Fort Wayne
57%
522,888 Kitchener
50%
335,949 Oshawa
38%
No matching quizzes found
Score Distribution
Percent of People with Each Score
Percentile by Number Answered
Your Score History
You have not taken this quiz